Statistiques concernant Les films se déroulant au Tribunal

Cliquez ici pour prendre le quiz!

Statistiques générales

  • Ce quiz a été pris 26 fois
  • Le résultat moyen est 5 sur 20

Statistiques - réponses

Réponse% Correct
Anatomie d'une chute
73%
Le Procès Goldman
58%
J'accuse
54%
Philadelphia
54%
Douze Hommes en colère
46%
Menteur Menteur
38%
9 mois ferme
35%
Erin Brockovich, seule contre tous
27%
Mon Crime
27%
Omar m'a tuer
27%
Kramer contre Kramer
23%
La Fille au bracelet
19%
Saint Omer
15%
The Reader
12%
Une intime conviction
12%
La Défense Lincoln
8%
La Voie de la justice
8%
Les Sept de Chicago
4%
Toi non plus tu n'as rien vu
4%
L'Associé du Diable
0%

Distribution des résultats

Percentile par nombre de réponses

% des personnes avec chaque résultat

Votre développement - résultats

Vous n’avez pas pris ce quiz